000 00332nam a22001337a 4500
008 181031b xxu||||| |||| 00| 0 eng d
020 _a0890420629`
041 _aeng
080 _24th
_a159.9
100 _a48
101 _aPSI
245 _aDiagnostic and Statistical Manual of Mental Disorders
_cWashington,DC
942 _2udc
_cBK
999 _c51292
_d51292